[Event "Gibraltar Masters 15th"]
[Site "Caleta"]
[Date "2017.01.28"]
[Round "5"]
[White "Anton Guijarro, David"]
[Black "Gelfand, Boris"]
[Result "1-0"]
[WhiteElo "2650"]
[BlackElo "2721"]
[Annotator "Krasenkow,M"]
[PlyCount "143"]
[EventDate "2017.01.24"]
[EventType "swiss"]
[EventRounds "10"]
[EventCountry "GGB"]
[SourceTitle "CBM 177"]
[Source "ChessBase"]
[SourceDate "2017.03.16"]
[SourceVersion "1"]
[SourceVersionDate "2017.03.16"]
[SourceQuality "1"]

1. Nf3 c5 2. c4 Nf6 3. Nc3 d5 4. cxd5 Nxd5 5. e3 Nxc3 6. bxc3 g6 7. Bb5+ Bd7 {
For this system - see my article in the present issue.} 8. Rb1 {This move had
not been seen in known games before this one. It doesn't look dangerous since
Black can always play ...b7-b6.} (8. Qb3) (8. Be2) ({and} 8. a4 {are common
continuations here.}) 8... Bg7 9. O-O O-O 10. d4 Qc7 (10... b6 $5) 11. Bxd7 ({
In the following game this position arose from a different move order:} 11. h3
Bxb5 12. Rxb5 Nd7 13. Qe2 (13. a4 $5) 13... a6 14. Rb1 b5 15. a4 bxa4 16. Qa2
e5 17. d5 e4 18. Nd2 Rfe8 19. Nc4 Bxc3 20. Qxa4 Bb4 {1/2 (30) Buhmann,R (2541)
-Kalinitschew,S (2492) Germany 2009 - White's compensation for the pawn
finally enabled him to equalise.}) {The text move is hardly an improvement.}
11... Nxd7 12. e4 Rfd8 13. Qe2 Rac8 14. Bg5 Nb6 15. Rfc1 h6 16. Be3 Qd7 (16...
cxd4 17. cxd4 Qd7 {looks like a simple way to equality. If} 18. d5 {then} Na4
$1 $132) 17. d5 f5 18. exf5 Qxf5 19. c4 e6 20. dxe6 Qxe6 {This position is
roughly equal, too. Major manoeuvring now starts.} 21. Kf1 (21. Rb5 Rc7 $11)
21... Rf8 {Black transfers his rook to a poor position, which becomes the
beginning of his problems.} (21... Rc7 $142 22. Rb5 Qf5 {[%cal Yb6c8,Yc8d6]})
22. Rb5 Rf5 {[%csl Rf5]} 23. h3 Qc6 24. Qd3 Nd7 25. Rd1 Nf8 26. Rb3 b6 27. Ra3
Rc7 28. Qc2 Rcf7 {The position of Black's rook suggests he must sacrifice an
exchange on f3 but that is quite dubious in an open position like this.} 29.
Rad3 Kh7 (29... Qe4 $142 $1 $11) 30. Rd6 Qb7 (30... Qc7 31. Kg1 (31. Nh4 R5f6
32. R6d5 $4 Qh2) 31... Rxf3 32. gxf3 Bd4 33. R6xd4 cxd4 34. Rxd4 Rxf3 35. h4
$14) 31. Nh4 R5f6 32. R6d5 Rd7 33. Nf3 Rxd5 34. Rxd5 Rf7 (34... Re6 $142) 35.
Ne5 $1 Bxe5 (35... Re7 36. Ng4 $1 {[%cal Rd5h5]}) 36. Rxe5 {[%cal Re5h5] White
has achieved a favorable exchange of minor pieces.} Qd7 $2 {Black had no good
defence against 37.Rh5 but he could have obtained counterplay by means of} (
36... Re7 $1 37. Rh5 Qe4 38. Rxh6+ Kg8) (36... Kg7 $143 $6 37. Bc1 {[%cal
Yc1b2,Yc2c3]}) 37. Ke2 $2 (37. Rh5 {just wins a pawn without compensation.})
37... Ne6 38. Qe4 Nd4+ {The d4-pawn will be lost. Of course, Black keeps
drawing chances but he must play accurately now.} ({There was nothing wrong
with} 38... Ng7 $1 39. g4 Qa4 $132) 39. Bxd4 cxd4 40. Qd5 d3+ 41. Kxd3 Qc7 42.
Ke2 Rf4 43. Re8 {The resulting endgame should be drawn.} ({The queen ending
after} 43. Re4 Rxe4+ 44. Qxe4 Qg7 $1 {offers White few chances either.}) 43...
Qxc4+ 44. Qxc4 Rxc4 {[%mdl 4096]} 45. Re7+ Kg8 46. Rxa7 Rc2+ 47. Ke3 b5 {
Black's objective is to get rid of the queenside pawns. To avoid that, White
must move his king to the queenside sacrificing material on the other flank.}
48. a3 Rb2 49. g3 b4 {Perhaps it was simpler just to wait:} (49... Kh8 50. h4
Kg8 51. f3 Rb3+ 52. Kf4 Rc3 53. g4 Rb3 {etc.}) 50. a4 b3 51. Kd3 Rxf2 52. Kc3
Rf3+ 53. Kb2 Rxg3 54. Rb7 (54. a5 Rg5 $1 55. Kxb3 Rf5) 54... Rg2+ $2 {It was
essential to stop White's passed pawn for a while:} (54... Rg5 $1 55. Rb5 (55.
Kxb3 Rh5) 55... Rg2+ 56. Kxb3 Rg3+ 57. Kb4 Rxh3 {, and it is important that
Black's king is not cut off, e.g.} 58. a5 Rh4+ 59. Kc5 Ra4 60. Kb6 h5 61. a6
Kf7 62. a7 Rxa7 63. Kxa7 h4 64. Kb6 Kf6 65. Kc5 Ke5 $11) 55. Kxb3 Rg1 56. Kb2
$2 (56. Kc4 Ra1 57. Kb5 Rb1+ 58. Ka6 Rh1 59. Rb3 {was probably winning here.})
56... Rg2+ 57. Ka3 Rg1 58. Rb2 Kf7 (58... Rh1 $5) 59. a5 Re1 $2 (59... Rh1 $1
60. a6 Rxh3+ {(indicated by the Chesspro.ru website) was enough for a draw, e.
g.} 61. Ka4 (61. Kb4 Rh1 62. Ra2 Rb1+) (61. Rb3 Rh1 62. Ka2 Rh2+ 63. Rb2 Rh5
64. Ka1 Rh1+ 65. Rb1 Rh4) 61... Rh1 62. Rb3 (62. Ra2 Rd1 63. a7 Rd8) 62... Ra1+
63. Ra3 Rd1 64. a7 Rd8 65. Kb5 Ra8 66. Kc6 h5 67. Kb7 Rg8 68. a8=Q (68. Rc3 Ke6
69. Rc8 Rg7+ 70. Rc7 Rg8) 68... Rxa8 69. Rxa8 Ke6 $11) 60. a6 Re6 (60... Re8
61. Ka4 {etc.}) 61. Rb7+ Kf6 62. a7 Ra6+ 63. Kb4 {[%cal Rb4b5] Threatening 64.
Kb5 Ra1 65.Rb6+ Kf5 66.Ra6.} Ra1 64. Rc7 $1 {A key move. The interposition on
the a-file becomes a killing threat.} (64. Kb5 $143 Kg5 65. Rc7 Rb1+) 64... h5
65. Kb5 {[%cal Rc7c6,Rc6a6]} Rb1+ (65... Kg5 66. Rc5+ Kh4 67. Rc4+ Kxh3 68. Ra4
$18) 66. Kc6 Ra1 67. Kb7 Rb1+ 68. Kc8 Ra1 69. Kb8 Kg5 70. Rc4 Rb1+ 71. Kc7 Ra1
72. Kb6 {[%cal Rc4c5,Rc5a5]} (72. Kb6 Kh6 73. Rc5 {[%cal Rc5a5]} Rxa7 $8 74.
Kxa7 $18) 1-0

[Event "Horgen"]
[Site "Horgen"]
[Date "1995.10.26"]
[Round "6"]
[White "Vaganian, Rafael A"]
[Black "Lautier, Joel"]
[Result "1/2-1/2"]
[WhiteElo "2645"]
[BlackElo "2645"]
[Annotator "Lautier,J"]
[PlyCount "80"]
[EventDate "1995.10.??"]
[EventType "tourn"]
[EventRounds "11"]
[EventCountry "SUI"]
[EventCategory "17"]
[SourceTitle "CBM 050"]
[Source "ChessBase"]
[SourceDate "1996.02.01"]
[SourceVersion "1"]
[SourceVersionDate "1996.02.01"]
[SourceQuality "1"]

1. Nf3 {Ribli} c5 2. c4 Nf6 3. g3 d5 4. cxd5 Nxd5 5. Bg2 Nc6 6. Nc3 Nc7 7. a3 {
Eine seltene Fortsetzung.} g6 (7... e5 $6 {Ribli} 8. b4 $1 $14) 8. h4 h6 (8...
Bg7 $142) (8... Bg7 {Ribli} 9. h5 O-O 10. d3 Ne6 11. hxg6 hxg6 12. Be3 Ncd4 13.
Rc1 Bd7 14. Ng5 $36 {Salov,V-Kortschnoj,V/EUCup/1991/CBM26/INF52,52/}) 9. b4 $6
{Eine Neuerung} (9. d3 $142) (9. d3 {Ribli} Bg7 10. Bd2 Bg4 $6 (10... Bd7 $5)
11. Rc1 Qd7 12. Ne4 $16 {Sunye Neto,J-Vaganian,R/Manila izt/1990/CBM19/INF49,
(52)/}) 9... cxb4 (9... Bg7 $5 10. bxc5 Ne6) 10. axb4 Bg7 (10... Nxb4 $2 {Ribli
} 11. Qa4+ Nc6 12. Ne5 $36) 11. Qa4 (11. b5 $2 Nxb5 $17) (11. Rb1 $2 Bf5) (11.
Ba3 a6 $10) 11... b5 {Ribli: Der Beginn taktischer Komplikationen, die fuer
beide Spieler schoene Moeglichkeiten ergeben.} (11... a6 $1 12. O-O (12. d4 $6
O-O 13. e3 e5 $1 $17) 12... O-O $15 {>< b4}) 12. Nxb5 Nxb5 13. Qxb5 Bd7 (13...
Bxa1 $2 14. Ne5 (14. Qxc6+ Bd7 15. Qa6 Bg7 $15) 14... Bxe5 15. Qxc6+ $16 (15.
Qxc6+ {Ribli} Bd7 16. Qxa8 Qxa8 17. Bxa8 O-O $44) (15. Bxc6+ Bd7 16. Qxe5 f6
$15)) 14. Rb1 Rc8 $1 (14... Nd4 15. Qa5 $14) 15. Qa4 $1 $8 (15. O-O $2 Nd4 {
/\ Ne2, Bf5} 16. Qa6 Bb5 $17 (16... Bb5 17. Qxa7 Bxe2 (17... Ra8 {Ribli} 18.
Qc5 (18. Qb7 $4 Bc6 $19) 18... Rc8 $10) 18. Nxd4 Bxd4 19. Qa4+ Kf8 20. Re1 Bd3
$15)) (15. Qa6 $2 Nxb4 $17) (15. d3 $2 Nxb4 $1 $17) 15... Nd4 16. Qa5 (16. Qxa7
$2 Nxe2 $1 $17 (16... Nxe2 $1 {Ribli} 17. Ba3 $8 (17. Kxe2 $2 Bb5+ 18. Kd1 Qd3
$19) 17... Bf5 $17) (16... Bf5 $2 17. Nxd4 Bxb1 18. Nc6 $44)) 16... Bf5 $1 (
16... Nc2+ 17. Kf1 Qxa5 18. bxa5 O-O 19. d3 Rb8 20. Rxb8 Rxb8 21. Kg1 $14 {
/\ Kh2, Bd2}) 17. Qxd8+ $5 (17. d3 $2 Nxe2 $17) (17. Qa4+ Bd7 (17... Kf8 18.
Nxd4 (18. d3 $2 Nxe2 $19) 18... Bxd4 (18... Qxd4 $2 19. d3 $16 (19. Bb2 $2 Qxb2
$19) 19... Bxd3 $2 20. Bb2 $18) 19. d3 (19. e4 Bxf2+ $1 20. Kxf2 Qd4+ 21. Ke1
$8 Bxe4 (21... Qd3 $2 22. Qa1 $1 Qxg3+ 23. Kf1 $18) 22. Bb2 Qd3 23. Bxe4 Qxe4+
24. Kf2 Qf5+ 25. Kg2 (25. Ke3 Qe6+ $10) 25... Qd5+ $1 (25... Qe4+ 26. Kh2 Qe2+
27. Kh3 $1 Qe6+ 28. g4 h5 29. Qd1 $16) 26. Kh3 (26. Kh2 $2 Qxd2+ 27. Kh3 Rc2
$17) (26. Kg1 $6 Qd3 27. Qd1 (27. Bxh8 $2 Qxg3+ 28. Kf1 Qf3+ 29. Kg1 Rc4 $19)
27... Qxg3+ 28. Kf1 Rc4 29. d4 Rxb4 $15) 26... Qf5+ $10) (19. Ra1 Qc7 (19...
Bxa1 $6 20. Qxa1 Qd4 21. Bb2 Qc4 22. O-O $36) 20. O-O Qe5 (20... Qxg3 $2 21. e3
$18) 21. e3 $1 Bxa1 22. d4 Bxd4 23. exd4 Qxd4 24. Be3 $44) 19... Bc3+ $1 20.
Bd2 Bxd3 (20... Bxd2+ 21. Kxd2 Qd4 22. Qa1 $1 $18) 21. exd3 Qxd3 22. Rd1 (22.
Bxc3 Qxc3+ 23. Ke2 Qc4+ 24. Ke1 $10) 22... Bxd2+ 23. Rxd2 Rc1+ 24. Rd1 Qc3+ 25.
Ke2 (25. Kf1 Qd3+) 25... Qc4+ (25... Rc2+ $2 26. Kf1 $18) (25... Qb2+ $2 26.
Kf1 Rc2 27. Qxa7 $18) 26. Ke1 (26. Rd3 $2 Rc2+ 27. Ke3 Qe6+ 28. Be4 Qb6+ $1 $19
) 26... Qc3+ $10) 18. Qa5 $10) 17... Rxd8 18. Nxd4 $8 (18. d3 $2 Nxe2 $1) 18...
Bxb1 19. Nc6 Rc8 {/\ Kd7, a6} 20. O-O (20. b5 a6 $1 $15 21. bxa6 $2 Kd7 $19)
20... a6 21. Bb2 $1 (21. d4 $6 Bc2 22. d5 Ba4 $15 {/\ e6}) 21... Bxb2 22. Rxb1
Bf6 $8 (22... Bg7 $2 23. Rb3 {/\ Ra3 ><a6} Kd7 24. Rd3+ $16 {><e7}) 23. d4 {
Ribli: Weiss hat zwar die Qualitaet weniger, dafuer aber einen Bauern mehr,
ausserdem stoert der Riesenspringer auf c6 Schwarz sehr.} (23. Rb3 $6 Kd7 24.
Rd3+ Kc7 $15) 23... Kd7 24. d5 e6 25. dxe6+ (25. e4 exd5 26. exd5 Rce8 (26...
Kd6 27. Rb3 $36 {/\ Rf3}) 27. Bf1 Kd6 28. Rd1 Bc3 29. Rd3 (29. Bxa6 Re1+ 30.
Rxe1 Bxe1 31. Bc4 Ra8 32. b5 Ra1 33. Kg2 Ba5 $10) 29... Bg7 30. Rd1 Bc3 $10)
25... Kxe6 (25... fxe6 $142 26. Rd1+ Kc7 27. Rd3 (27. e3 $44 {Ribli}) 27... Rh7
{/\ Rd7} 28. Ra3 (28. Rf3 Bh8 $1) 28... Kb6 29. Re3 $1 Re8 30. Rd3 {/\ Rd6} Kc7
$10) 26. Rb3 {/\ Ra3 Ribli: Die schwarze Stellung ist unbequem: es droht /\
Bh3 oder Rd3 auch. Lautier gibt die Mehrqualitaet zurueck und hofft auf die
ungleichfarbigen Laeufer.} (26. Bh3+ Kd6 27. Bxc8 Rxc8 28. b5 (28. Na5 {Ribli}
Rc2 $44) 28... axb5 29. Na7 Rc2 30. Nxb5+ Kc6 {/\ Bb2} 31. e3 Bb2 32. Nd4+ Bxd4
33. exd4 Rc4 $1 34. Rd1 Kd5 35. Re1 Rc7 $10) 26... Rxc6 $1 27. Bxc6 Rb8 $14 28.
Re3+ Kd6 29. Be8 Rb7 {Droht Re7} 30. Ra3 Ke7 31. Rxa6 Rxb4 32. Bc6 Bd4 {/\ Rb6}
33. Ra8 (33. Bd5 $142 $14) 33... g5 $1 34. e3 Bc5 35. h5 Kf6 36. Bd5 Rb1+ 37.
Kg2 Rb2 38. Re8 Rd2 39. Bf3 Rb2 40. g4 Bb4 {Ribli: /\ Be1 Droht /\ Be1} 1/2-1/2

[Event "AUT-chT 9899"]
[Site "Austria"]
[Date "1999.01.15"]
[Round "6"]
[White "Wells, Peter K"]
[Black "Lautier, Joel"]
[Result "0-1"]
[WhiteElo "2515"]
[BlackElo "2630"]
[Annotator "Lautier,J"]
[PlyCount "64"]
[EventDate "1998.??.??"]
[EventType "team"]
[EventRounds "11"]
[EventCountry "AUT"]
[SourceTitle "EXT 2000"]
[Source "ChessBase"]
[SourceDate "1999.11.16"]
[SourceVersion "1"]
[SourceVersionDate "1999.11.16"]
[SourceQuality "1"]

1. Nf3 c5 2. c4 Nc6 3. Nc3 e5 4. e3 Nf6 5. a3 Be7 6. Qc2 O-O 7. b3 $146 Re8 $1
8. Bb2 Bf8 9. Nd5 g6 (9... d6 10. Bd3 (10. Ng5 g6 11. Nxf6+ Qxf6 12. Ne4 Qd8
13. Be2 Bg7 14. O-O f5 15. Nc3 Be6 $11) 10... h6 11. Nxf6+ Qxf6 12. Bh7+ Kh8
13. Be4 $13) 10. Nxf6+ Qxf6 11. Bd3 d6 12. h4 $6 (12. Be4 Bd7 13. O-O Bg7 $11)
12... h6 $1 (12... Bg4 $6 13. Be4 {/\ 0-0-0, Rdg1, Nh2|^; /\ d3, Nd2, f3|^})
13. O-O-O Rb8 $1 {/\ a6, b5<=>} 14. Be4 Bd7 $15 {/\ b5} 15. Rdg1 (15. d4 $2
exd4 16. exd4 Qf4+ 17. Nd2 Nxd4 $17) 15... Bg7 16. g4 {/\ g5} Qe7 17. Bd5 $6 (
17. d3 $142 b5 18. Bd5 $15) 17... e4 $1 18. Bxg7 Kxg7 19. Qc3+ (19. Ne1 b5 $17
{->}) 19... Kg8 20. g5 h5 (20... exf3 $2 21. h5 $3 Ne5 (21... Qe5 22. hxg6
Qxc3+ 23. dxc3 Be6 24. gxh6 fxg6 (24... Bxd5 25. cxd5 Ne5 26. gxf7+ (26. g7 Kh7
$15) 26... Kxf7 27. Rg7+ Kf6 28. Rh4 Ng6 29. Rg4 Ne7 30. Rf4+ Nf5 31. e4 Rxe4
32. Rxe4 Nxg7 33. hxg7 Kxg7 34. Re6 $16) 25. Rxg6+ Kf7 26. Rg7+ Kf6 27. Rh4 $16
) 22. hxg6 Be6 (22... Nxg6 $2 23. gxh6 Qe5 24. Rxg6+ $18) 23. gxf7+ Qxf7 24.
gxh6+ Kh8 25. Be4 {/\ Rg7-h7} Bf5 (25... Qf6 26. Rg6 $18) 26. Rg7 Qf6 27. Qc2
$1 $16) 21. Qf6 (21. Ne1 b5 $17) 21... Bf5 22. Ne1 (22. Qxe7 Nxe7 23. Ne1 Nxd5
24. cxd5 Re5 $17) 22... Qxf6 23. gxf6 Ne5 $17 24. Rg5 (24. f3 exf3 25. Bxf3 (
25. Nxf3 Nd3+ $17) 25... Nxf3 26. Nxf3 b5 $1 $17) 24... Ng4 25. Rg1 Kf8 26. Ng2
Nxf6 27. Nf4 Bg4 $1 {/\ Nh7} 28. d3 exd3 29. Nxd3 Nh7 $19 30. R5xg4 hxg4 31.
Rxg4 Nf6 32. Rg5 Kg7 $138 0-1

[Event "EU-chT (Men) 12th"]
[Site "Batumi"]
[Date "1999.11.29"]
[Round "1.1"]
[White "Lautier, Joel"]
[Black "Leko, Peter"]
[Result "1/2-1/2"]
[WhiteElo "2653"]
[BlackElo "2701"]
[Annotator "Lautier,J"]
[PlyCount "52"]
[EventDate "1999.11.06"]
[EventType "team-swiss"]
[EventRounds "9"]
[EventCountry "GEO"]
[SourceTitle "CBM 074"]
[Source "ChessBase"]
[SourceDate "2000.02.01"]
[SourceVersion "1"]
[SourceVersionDate "2000.02.01"]
[SourceQuality "1"]
[WhiteTeam "France"]
[BlackTeam "Hungary"]
[WhiteTeamCountry "FRA"]
[BlackTeamCountry "HUN"]

1. c4 c5 2. Nf3 Nf6 3. Nc3 d5 4. cxd5 Nxd5 5. g3 Nc6 6. Bg2 Nc7 7. O-O e5 8. d3
Be7 9. Nd2 Bd7 10. Nc4 f6 11. f4 b5 12. Ne3 Rc8 13. a4 b4 14. Nb5 exf4 15. Nc4
$1 $146 Nxb5 (15... fxg3 $5) 16. axb5 Nd4 17. Rxa7 (17. Bxf4 Bg4 (17... Nxb5
18. Bb7 O-O 19. Ra5 Qe8 20. Bxc8 Bxc8 $44 {/\ Bb7}) 18. Rf2 g5 19. Bd2 {/\ Ne3}
Nxb5 20. Ne3 (20. Ra6 O-O 21. Ne3 Bd7 22. Nd5 Kg7 23. e4 Rc6 $15) 20... Bd7 21.
Nd5 (21. Qb3 Nd4) 21... Bc6 22. Nxe7 Qxe7 23. Qa4 Bxg2 24. Kxg2 Rb8 25. Rc1 O-O
26. Qa2+ Kg7 27. Qc4 Rfc8 28. Rcf1 Nd6 29. Qg4 Rf8 30. Rxf6 Rxf6 31. Qxg5+ Kf7
32. Qh5+ Ke6 33. Qg4+ Kf7 (33... Kd5 34. Qg5+ Kc6 35. Rxf6 Qxe2+ 36. Kh3 Qxd3
37. Be3 $36) 34. Qh5+ $11) 17... Bg4 $6 (17... fxg3 $6 18. b6 $1 (18. hxg3 $2
Nxb5 19. Rb7 Rc7 $1 $17) (18. Rxd7 $6 gxh2+ 19. Kh1 Kxd7 (19... Qxd7 $6 20. Nb6
Qe6 21. Nxc8 Qxc8 22. Bf4 (22. e3 Nf5 23. Qf3 g6 $15) 22... O-O (22... Qd7 $6
23. b6 Bd6 24. Bxd6 Qxd6 25. e3 Ne6 26. Qa4+ Kf7 27. Qa7+ $16) 23. b6 Qa6 24.
e3 Ne6 25. Bd5 Qxb6 26. Qb3 Kf7 27. Qc4 Rd8 28. Ra1 $13) 20. b6 Ke8 $1 21. Bf4
g6 $1 22. b7 Rb8 23. Bxh2 Kf7 24. e3 Nf5 $17) 18... Bg4 (18... gxh2+ 19. Kh1
Bg4 (19... g5 20. e3 Nf5 21. Qh5+ Kf8 22. Qxh2 Be6 23. e4 Bxc4 24. exf5 Bd5 25.
Re1 Bxg2+ 26. Qxg2 $16) 20. Bf4 (20. Rf2 $2 g5 $1 {[%csl Yf4] >< f4}) (20. Qa4+
Bd7 (20... Kf8 $6 21. Bf4 Bxe2 {->> 20.Bf4 Bg4 21.Qa4 Kf8}) 21. Qd1 Bg4) 20...
Bxe2 (20... Nxe2 21. Qa4+ Bd7 22. Rxd7 Qxd7 23. b7 $1 Rb8 24. Bc6 $18) 21. Qa4+
Kf8 22. b7 Bxf1 23. Bxf1 $16) 19. hxg3 Nxe2+ (19... Bxe2 20. Qa4+ Kf8 21. Re1
$36 {[%csl Re7]}) 20. Kh2 O-O 21. Ne3 Bh5 (21... Nxg3 22. Qxg4 Nxf1+ 23. Bxf1
Qxb6 24. Nf5 $16) 22. Rf5 Nxg3 23. Rxh5 Nxh5 24. Qxh5 Qxb6 (24... Qd6+ 25. Kh1
g6 26. Qd5+ Kh8 27. Rd7 $18) 25. Qd5+ Kh8 26. Rxe7 $16) (17... Nxb5 $1 18. Rb7
fxg3 (18... Rc7 19. Rxc7 Nxc7 20. Bxf4 Ne6 21. Qd2 Nxf4 22. Qxf4 O-O 23. Ra1
Bb5 24. Ra7 $14) 19. Bf4 $1 {Leko} gxh2+ 20. Bxh2 $44 {/\ Nb6} Nd4 21. Nb6 Bg4
22. Nxc8 Bxc8 (22... Nxe2+ $2 23. Kh1 Ng3+ 24. Bxg3 Bxd1 25. Rxe7+ Kf8 26. Ra7
Qxd3 27. Bd6+ Ke8 28. Bxc5 $18) 23. Rb8 O-O 24. e3 Bd6 25. Rxc8 Bxh2+ 26. Kxh2
Qd6+ 27. Kh1 Rxc8 28. exd4 Qxd4 29. Qe2 $13) 18. Rf2 $1 (18. Bf3 $6 Bh3 $36)
18... O-O (18... Nxb5 $4 19. Qa4 Bd7 20. Rxd7 Qxd7 21. Nb6 $18) (18... fxg3 19.
hxg3 O-O 20. b6 {- 18...0-0 19.b6 fg3 20.hg3}) 19. b6 $1 (19. Bxf4 Nxb5 20. Rb7
Nd6 21. Rxe7 (21. Bxd6 Bxd6 22. Qf1 Be6 $1 $11) 21... Nxc4 22. Ra7 Ne5 (22...
Nd6 $2 23. Bd5+ Kh8 24. Ra6 Nb5 25. Bb7 $16) 23. Qb3+ Kh8 $14) 19... fxg3 (
19... Nxe2+ $4 20. Rxe2 Qd4+ (20... f3 21. Rf2 $18) 21. Kf1 f3 22. Bxf3 Bxf3
23. Rexe7 $1 $18) 20. hxg3 g5 $1 {>< f4} (20... Nb5 21. Ra6 $1 $36 Nd6 $2 22.
b7 Rb8 23. Bf4 Nxc4 (23... Nxb7 24. Rb6 $18) 24. Qb3 $1 $18) 21. Qf1 Nb5 22.
Ra6 (22. Ra5 Nd6 $14) 22... Rb8 {/\ Be6-d5} 23. b7 Nd4 24. Be3 Qc7 25. Bxd4
cxd4 26. Bd5+ Kg7 $14 (26... Kg7 27. Qg2 Bd7 $5 {>< c6} (27... Qd7 $6 28. Qe4
$36) (27... Rbd8 $6 28. Ra7 $36 Qc5 $2 29. Qe4 $18) (27... Rfd8 $6 28. Be4 $36
{/\ Rc6} (28. Rc6 Qxb7 29. Rcxf6 Qxd5 (29... Rxd5 30. Rf7+ Kg8 31. Qe4 Rf5 32.
R2xf5 Qxe4 33. dxe4 Bxf5 34. Rxf5 $14) 30. Qxd5 Rxd5 31. Rf7+ Kg8 32. Rxe7 Rf8
$1 33. Rb7 (33. Ne5 $2 Rxf2 34. Kxf2 Kf8 $17) 33... Rdf5 34. Rxf5 Rxf5 35. Nd6
Re5 36. Rxb4 Rxe2 37. Rxd4 Bf3 $132) 28... h5 $2 29. Rc6 Qd7 30. Ne5 $1 fxe5
31. Rg6+ Kh8 32. Rh6+ Kg8 (32... Kg7 33. Qf1 $1 Rf8 34. Rf7+ Kg8 35. Rhh7 $18)
33. Bh7+ Kg7 34. Qe4 $18) 28. g4 $1 Be8 $1 {Ch. Bauer: /\ Bg6} (28... f5 29.
gxf5 Bxf5 30. Rc6 Qd8 $14) (28... Rbe8 29. Ra7 $14) 29. Qf3 (29. Qh3 Bg6 30.
Rc6 Qd8 $13) 29... Bg6 $14 (29... Bf7 30. Bxf7 Rxf7 31. Na5 $14)) 1/2-1/2

[Event "Danzhou 3rd"]
[Site "Danzhou"]
[Date "2012.06.04"]
[Round "6"]
[White "Wang, Yue"]
[Black "Zhou, Jianchao"]
[Result "1/2-1/2"]
[WhiteElo "2690"]
[BlackElo "2609"]
[Annotator "Let's Check"]
[PlyCount "161"]
[EventDate "2012.05.29"]
[EventType "tourn"]
[EventRounds "9"]
[EventCountry "CHN"]
[EventCategory "16"]
[SourceTitle "CBM 149"]
[Source "ChessBase"]
[SourceDate "2012.07.17"]
[SourceVersion "1"]
[SourceVersionDate "2012.07.17"]
[SourceQuality "1"]

1. c4 Nf6 2. Nc3 d5 3. cxd5 Nxd5 4. g3 c5 5. Bg2 Nc7 6. Nf3 Nc6 7. a3 g6 8. d3
Bg7 9. Be3 Ne6 10. O-O Bd7 11. Rb1 b6 12. Qd2 Rc8 13. Bh6 Ncd4 14. Nxd4 cxd4
15. Nd5 O-O 16. Rfc1 Re8 17. Bxg7 Kxg7 18. Qb4 Rc6 19. Rxc6 Bxc6 20. Qc4 Qd6
21. Rc1 Bb7 22. Nc7 Rc8 23. Ne8+ Rxe8 24. Bxb7 Rd8 25. Bc8 Nc5 26. Bh3 a5 27.
b3 Nd7 28. b4 axb4 29. axb4 Ne5 30. Qb5 g5 31. Bg2 h6 32. h3 e6 33. Be4 Rd7 34.
Rc8 Rc7 35. Ra8 Nd7 36. Kg2 Nf6 37. Bf3 Rc1 38. Ra6 Nd7 39. Ra7 Rc7 40. Ra8 Nf6
41. Qa4 Rc1 42. Ra7 Rc7 43. Ra8 Rc1 44. Ra7 Rc7 45. Ra6 Rc1 46. Qb5 Nd7 47. Ra7
Rc7 48. Ra1 Nf6 49. Qa4 Nd7 50. Qa8 Qf8 51. Qa4 Qd6 52. b5 Rc5 53. Qa8 Ne5 54.
Be4 Rxb5 55. Qe8 Ra5 56. Rb1 Qc7 57. f4 Qc2 58. Rf1 gxf4 59. gxf4 $2 (59. Rxf4
Ra2 60. Rf2 $17) 59... Nc4 $2 (59... Ng4 $1 60. Re1 Qd2 $19) 60. Kh1 $6 (60.
Kf2 Nd6 61. Qb8 $16) 60... Nd6 $11 61. Qd8 Nxe4 62. Qxd4+ Kh7 63. Qxe4+ Rf5 64.
Rg1 Qc8 65. Kh2 Qd8 66. Qg2 Qf8 67. e3 b5 68. d4 b4 69. Qb7 Ra5 70. Rg2 Ra8 71.
Qe4+ Kh8 72. Qe5+ Kh7 73. Qe4+ Kh8 74. Qe5+ Kh7 75. d5 exd5 76. Qxd5 Rb8 77.
Qf5+ Kh8 78. Qf6+ Kh7 79. Qf5+ Kh8 80. Qf6+ Kh7 81. Qf5+ 1/2-1/2

[Event "USA-ch"]
[Site "Saint Louis"]
[Date "2012.05.18"]
[Round "10"]
[White "Shulman, Yuri"]
[Black "Robson, Ray"]
[Result "1/2-1/2"]
[WhiteElo "2571"]
[BlackElo "2614"]
[Annotator "Let's Check Training"]
[PlyCount "176"]
[EventDate "2012.05.08"]
[EventType "tourn"]
[EventRounds "11"]
[EventCountry "USA"]
[EventCategory "16"]
[SourceTitle "CBM 149"]
[Source "ChessBase"]
[SourceDate "2012.07.17"]
[SourceVersion "1"]
[SourceVersionDate "2012.07.17"]
[SourceQuality "1"]

1. c4 Nf6 2. Nc3 d5 3. cxd5 Nxd5 4. g3 g6 5. Bg2 Nxc3 6. bxc3 Bg7 7. Nf3 O-O 8.
O-O c5 9. Rb1 Nc6 10. Qa4 Qa5 11. Qxa5 Nxa5 12. Ng5 Rb8 13. Ne4 b6 14. Nxc5 Bg4
15. f3 Bxf3 16. Nd7 Bxe2 17. Rf2 Bd3 18. Rb4 e6 19. Nxb8 Rxb8 20. Bf1 Rd8 21.
Bxd3 Rxd3 22. Kg2 f5 23. Rf3 Rd7 24. d4 Kf7 25. Bf4 h6 26. h4 Bf8 27. Rb1 Nc4
28. Rf2 Kf6 29. Re2 g5 30. hxg5+ hxg5 31. Be5+ Kf7 32. Rbe1 a5 33. Bh8 Rd6 34.
Rh1 Kg6 35. a4 b5 $4 (35... Rc6 36. Rhe1 Kf7 $14) 36. axb5 $18 a4 37. d5 Rxd5
38. Rxe6+ Kf7 39. Rf6+ Kg8 40. Rg6+ Kf7 41. Rxg5 Rxb5 42. Rh7+ $6 (42. Rh4 Rc5
$18) 42... Ke6 $16 43. Rg6+ Kd5 44. Rd7+ Bd6 {[%tqu "En","","","","g6d6","",10]
} 45. Rgxd6+ $1 Nxd6 46. c4+ $1 Kxc4 47. Rxd6 a3 48. Kf3 Rb1 49. Ra6 Rh1 50.
Bg7 Kb3 51. Rb6+ Ka4 52. Kf4 $4 (52. Rh6 Rd1 53. Rh4+ $18) 52... Rf1+ $14 53.
Kg5 a2 54. Ra6+ Kb3 55. Be5 Rf3 56. Ra8 Rf1 57. Kf6 Rf3 58. Rb8+ Kc4 59. Rc8+
Kb3 60. Ra8 Rf1 61. Ke6 Rf2 62. Rb8+ Kc4 63. Rc8+ Kb3 64. Rc1 $4 (64. Rc3+ Kb4
65. Rd3 $18) 64... Rf3 $11 65. Re1 Rf2 66. Rg1 Rf3 67. Kf6 Rf2 68. Kg5 Rf3 69.
Bg7 Rf2 70. Bf6 Rf3 71. Rg2 Ka3 72. Bg7 Kb3 73. Be5 Ka3 74. Rg1 Kb3 75. Kf6 Rf2
76. Rh1 Rf3 77. Ke6 Rf2 78. Rh7 f4 79. g4 f3 80. Rh1 Re2 81. Rf1 f2 82. Kf6 Re4
83. Rxf2 Rxg4 84. Rb2+ Ka3 85. Rb8 Re4 86. Ra8+ Kb3 87. Ke6 Rxe5+ 88. Kxe5 Kb2
1/2-1/2

[Event "Brasschaat op 03rd"]
[Site "Brasschaat"]
[Date "2003.08.??"]
[Round "4"]
[White "Van Mechelen, Jan"]
[Black "Filipek, Jakub"]
[Result "1/2-1/2"]
[WhiteElo "2305"]
[BlackElo "2401"]
[Annotator "Maes,V"]
[PlyCount "75"]
[EventDate "2003.08.24"]
[EventType "swiss"]
[EventRounds "9"]
[EventCountry "BEL"]
[SourceTitle "EXT 2007"]
[Source "ChessBase"]
[SourceDate "2006.11.23"]
[SourceVersion "1"]
[SourceVersionDate "2006.11.23"]
[SourceQuality "1"]

1. Nf3 Nf6 2. c4 c5 3. Nc3 Nc6 4. e3 d6 5. b3 e5 6. Bb2 Be7 7. Be2 O-O 8. O-O
Re8 9. d3 Bf8 10. Nd2 Be6 11. Nde4 Nd7 12. g4 Nb6 13. Kh1 d5 14. cxd5 Nxd5 15.
Rg1 f6 16. Rg3 Nxc3 17. Bxc3 a5 18. Qf1 a4 19. bxa4 Rxa4 20. a3 b5 21. f4 exf4
22. Qxf4 Bd5 23. Bf3 Bxe4 24. Bxe4 Bd6 {[#]} 25. Qf5 Rexe4 (25... Raxe4 $142
26. Rh3 (26. dxe4 $2 Bxg3 27. hxg3 Ne5 $19) 26... g6 27. Qd5+ R4e6 28. Qxc6 $17
) 26. Qd5+ (26. dxe4 $5 Bxg3 27. Qe6+ Kh8 28. Qxc6) 26... Kh8 27. dxe4 Bxg3 28.
hxg3 (28. Qxc6 $5) 28... Qe8 29. g5 fxg5 (29... Qxe4+ 30. Qxe4 Rxe4 31. gxf6
Kg8 $1) 30. Rf1 h6 31. Rf7 Qxe4+ 32. Qxe4 Rxe4 33. Rxg7 Rxe3 34. Bf6 Re6 35.
Rg6+ Kh7 36. Rg7+ Kh8 37. Rg6+ Kh7 38. Rg7+ 1/2-1/2